[Event "4NCL Division 4 South"]
[Site "Telford, ENG"]
[Date "2018.02.11"]
[Round "6.99"]
[White "O'Byrne, Daniel"]
[Black "Wolstenholme, Otis"]
[Result "0-1"]
[WhiteElo "1705"]
[BlackElo "1277"]
[PlyCount "58"]
[EventDate "2018.02.11"]

1. e4 e6 2. d4 d5 3. Nc3 Bb4 4. e5 c5 5. a3 Bxc3+ 6. bxc3 Ne7 7. f4 Qa5 8. Bd2
Nbc6 9. Nf3 c4 10. Qb1 Qa4 11. Be2 b5 12. g4 Bd7 13. Kf2 O-O-O 14. Qb2 Kc7 15.
h4 Rb8 16. Rhb1 h6 17. Bd1 Qa6 18. Qa2 Qa4 19. Ne1 f6 20. Nd3 cxd3 21. cxd3 Qa6
22. c4 bxc4 23. dxc4 Qxc4 24. Bb3 Qa6 25. Qc2 fxe5 26. dxe5 g5 27. Bb4 Kd8 28.
Rc1 Qb6+ 29. Kf3 Nd4+ 0-1

[Event "4NCL Division 4 South"]
[Site "Telford, ENG"]
[Date "2018.02.11"]
[Round "6.99"]
[White "Savas, Stoica M"]
[Black "Headlong, Benjamin"]
[Result "1-0"]
[WhiteElo "1330"]
[BlackElo "1727"]
[PlyCount "65"]
[EventDate "2018.02.11"]

1. e4 e5 2. Nf3 Nf6 3. Nxe5 d6 4. Nf3 Nxe4 5. d4 Nf6 6. c4 Be7 7. Nc3 Nc6 8.
Be2 O-O 9. O-O Re8 10. Re1 b6 11. h3 Bb7 12. Be3 d5 13. b3 Bb4 14. Qc2 Ne4 15.
Nxd5 Bxe1 16. Rxe1 Na5 17. b4 Bxd5 18. cxd5 Nb7 19. Bb5 c6 20. dxc6 Qc7 21. Bf4
Nbd6 22. Rxe4 Rxe4 23. Qxe4 Nxe4 24. Bxc7 Nc3 25. Ba6 Nd5 26. Bd6 b5 27. Bb7
Rd8 28. Bc5 a6 29. Bxa6 Ra8 30. Bxb5 Ra3 31. Bc4 Nc7 32. b5 Rc3 33. b6 1-0

[Event "4NCL Division 4 South"]
[Site "Telford, ENG"]
[Date "2018.02.11"]
[Round "6.99"]
[White "Headlong, Fenella"]
[Black "Wolstenholme, Scarlet"]
[Result "1-0"]
[WhiteElo "1682"]
[BlackElo "1255"]
[PlyCount "69"]
[EventDate "2018.02.11"]

1. e4 e5 2. Nf3 Nc6 3. Bc4 Bc5 4. d3 h6 5. c3 d6 6. b4 Bb6 7. a4 a6 8. Be3 Nf6
9. O-O O-O 10. h3 Be6 11. Nbd2 Nh7 12. Bxb6 cxb6 13. Qb3 Qf6 14. Bxe6 fxe6 15.
Nc4 Rae8 16. Nxb6 Qg6 17. Nh2 Ng5 18. Kh1 Rf7 19. Nc4 Ref8 20. f3 Rf6 21. Nxd6
Rd8 22. Nf5 Rxd3 23. b5 Kf7 24. bxc6 bxc6 25. Qb7+ Kf8 26. Qe7+ Kg8 27. Nh4 Qh7
28. Rab1 Rf8 29. Rb7 g6 30. Qxh7+ Nxh7 31. Nxg6 Rf6 32. Nxe5 Rd2 33. Nhg4 Rf8
34. Nxh6+ Kh8 35. Ng6# 1-0

[Event "4NCL Division 4 South"]
[Site "Telford, ENG"]
[Date "2018.02.11"]
[Round "6.99"]
[White "Carter, Rebecca"]
[Black "Headlong, Georgia"]
[Result "1/2-1/2"]
[WhiteElo "1187"]
[BlackElo "1585"]
[PlyCount "112"]
[EventDate "2018.02.11"]

1. e4 e5 2. Nf3 Nc6 3. Bc4 Bc5 4. d3 Nf6 5. Bg5 d6 6. h3 Be6 7. Bxe6 fxe6 8.
Nc3 h6 9. Bh4 g5 10. Bg3 a6 11. O-O Rg8 12. Nd2 Qe7 13. Bh2 h5 14. g3 O-O-O 15.
a3 Bd4 16. Rb1 Bxc3 17. bxc3 Nd7 18. Qc1 Nb6 19. Qb2 d5 20. Qb3 Qc5 21. Kg2 Na5
22. Qb4 Qxb4 23. cxb4 Nc6 24. Bg1 Nd4 25. Rb2 Na4 26. Ra2 Nc3 27. Rb2 Nce2 28.
f3 Nxg1 29. Rxg1 h4 30. Kf2 Rdf8 31. c3 Nb5 32. Rb3 Nd6 33. c4 c6 34. Rc3 d4
35. Rcc1 Kd7 36. Nb3 Ke7 37. a4 Nf7 38. Nc5 Nd8 39. b5 axb5 40. cxb5 b6 41. Nb3
Kd6 42. Rc2 hxg3+ 43. Kxg3 Rg7 44. Rgc1 Rc7 45. a5 c5 46. axb6 Rc8 47. Nxc5 Rb8
48. b7 Nxb7 49. Nxb7+ Rxb7 50. Rb2 Rfb8 51. Rcb1 Ke7 52. Kg4 Kf6 53. Kh5 Rh7+
54. Kg4 Rhb7 55. Kh5 Rh7+ 56. Kg4 Rhb7 1/2-1/2

[Event "4NCL Division 4 South"]
[Site "Telford, ENG"]
[Date "2018.02.11"]
[Round "6.99"]
[White "Dray-Pearce, Tristan"]
[Black "Vaidya, Pranav"]
[Result "1-0"]
[WhiteElo "1648"]
[BlackElo "820"]
[PlyCount "55"]
[EventDate "2018.02.11"]

1. e4 c5 2. Nf3 Nc6 3. d4 cxd4 4. Nxd4 Nf6 5. Nc3 e5 6. Ndb5 a6 7. Nd6+ Bxd6 8.
Qxd6 Qe7 9. Qxe7+ Nxe7 10. Bg5 O-O 11. O-O-O b5 12. Rd6 Rd8 13. Bxf6 gxf6 14.
Rxf6 d5 15. Bd3 d4 16. Ne2 h6 17. f4 Kg7 18. fxe5 Ng6 19. Rd6 Re8 20. e6 Bxe6
21. Nxd4 Ne7 22. Nxe6+ fxe6 23. Rxe6 Ng6 24. Rb6 Re7 25. Rf1 Ne5 26. Rff6 Nxd3+
27. cxd3 Rf8 28. Rg6+ 1-0

[Event "4NCL Division 4 South"]
[Site "Telford, ENG"]
[Date "2018.02.11"]
[Round "6.99"]
[White "Heard, Andrew H"]
[Black "Karia, Kamlesh"]
[Result "1-0"]
[WhiteElo "1932"]
[BlackElo "1607"]
[PlyCount "83"]
[EventDate "2018.02.11"]

1. d4 Nf6 2. g3 d5 3. Bg2 c5 4. c3 Nc6 5. dxc5 e6 6. Nf3 Bxc5 7. b4 Be7 8. Bb2
a5 9. b5 Qb6 10. a4 Nb8 11. O-O Nbd7 12. Nbd2 Nf8 13. Rc1 Bd7 14. Ne5 Ng6 15.
Nxd7 Nxd7 16. c4 Bf6 17. Bxf6 Nxf6 18. c5 Qd8 19. Nb3 Ne7 20. Qc2 O-O 21. Rfd1
Qb8 22. Qc3 b6 23. cxb6 Qxb6 24. Qc7 Qxc7 25. Rxc7 Nc8 26. Rdc1 Nb6 27. R7c6
Nfd7 28. e4 d4 29. Nxd4 Nxa4 30. f4 e5 31. Nf5 g6 32. Ne7+ Kg7 33. Rd6 Ra7 34.
Nc6 Rc7 35. Rcd1 Nf6 36. fxe5 Ng4 37. Rd7 Rxd7 38. Rxd7 Nc3 39. b6 a4 40. b7 a3
41. b8=Q a2 42. Qa7 1-0

[Event "4NCL Division 4 South"]
[Site "Telford, ENG"]
[Date "2018.02.11"]
[Round "6.99"]
[White "Angelopoulos, Nicos"]
[Black "Gazes, Matthew"]
[Result "1/2-1/2"]
[WhiteElo "1547"]
[BlackElo "1765"]
[PlyCount "54"]
[EventDate "2018.02.11"]

1. e4 e5 2. Nf3 Nc6 3. Nc3 Nf6 4. Bc4 Bb4 5. O-O O-O 6. d3 a6 7. Nd5 Be7 8.
Nxf6+ Bxf6 9. Be3 Na5 10. b4 Nxc4 11. dxc4 d6 12. Qd3 Be6 13. Rad1 Qe7 14. a3
Rfd8 15. Qe2 c6 16. h3 b5 17. Nd2 Qb7 18. f4 exf4 19. Bxf4 Be5 20. Bxe5 dxe5
21. c5 f6 22. Rf2 Qd7 23. Re1 a5 24. Nf3 axb4 25. axb4 Ra4 26. Rb1 Bc4 27. Qe3
Qe7 1/2-1/2

[Event "4NCL Division 4 South"]
[Site "Telford, ENG"]
[Date "2018.02.11"]
[Round "6.99"]
[White "Dovey, Andrew JW"]
[Black "Vaidya, Raghav"]
[Result "1/2-1/2"]
[WhiteElo "1682"]
[BlackElo "1570"]
[PlyCount "88"]
[EventDate "2018.02.11"]

1. d4 Nf6 2. Nf3 e6 3. e3 b6 4. c4 Bb7 5. Nc3 Bb4 6. Bd2 O-O 7. a3 Bxc3 8. Bxc3
d5 9. Qc2 Re8 10. Bd3 h6 11. b4 dxc4 12. Bxc4 Be4 13. Qb3 Qe7 14. b5 Nd5 15.
Bxd5 exd5 16. O-O-O Nd7 17. h4 Qe6 18. Nd2 Bf5 19. Rde1 Nf6 20. f3 h5 21. e4
dxe4 22. d5 Qd7 23. Bxf6 gxf6 24. fxe4 Bg6 25. Re3 f5 26. e5 Rad8 27. Rhe1 Qxd5
28. Qxd5 Rxd5 29. a4 Rd4 30. e6 f6 31. Rc3 Re7 32. Rc4 Rxc4+ 33. Nxc4 Kf8 34.
Kd2 f4 35. Nb2 Bf5 36. Nd3 Rxe6 37. Rxe6 Bxe6 38. Kc3 Bd5 39. Nxf4 Be4 40. g3
Bf3 41. Ne6+ Ke7 42. Nxc7 Kd7 43. Na6 Kc8 44. Nb4 Bd1 1/2-1/2

[Event "4NCL Division 4 South"]
[Site "Telford, ENG"]
[Date "2018.02.11"]
[Round "6.99"]
[White "Sezer, Steve"]
[Black "McKenna, John R"]
[Result "0-1"]
[WhiteElo "1510"]
[BlackElo "1636"]
[PlyCount "122"]
[EventDate "2018.02.11"]

1. d4 d5 2. c4 c6 3. Nf3 Nf6 4. Nc3 a6 5. cxd5 cxd5 6. Bg5 Ne4 7. e3 Nxg5 8.
Nxg5 e6 9. Nf3 Nc6 10. a3 Bd7 11. Be2 Be7 12. O-O O-O 13. b4 b5 14. Qb3 Qb6 15.
Rfb1 Rfc8 16. Ne1 Ra7 17. Nd3 a5 18. Nc5 axb4 19. Nxb5 Na5 20. Qd3 Bxb5 21.
Qxb5 Qxb5 22. Bxb5 bxa3 23. Rxa3 Bxc5 24. Rc1 Bxa3 25. Rxc8+ Bf8 26. Bd3 Nb3
27. h3 Ra1+ 28. Kh2 g6 29. Rb8 Nd2 30. h4 Kg7 31. Rb2 Bd6+ 32. f4 Nf1+ 33. Bxf1
Rxf1 34. g3 h5 35. Kg2 Ra1 36. Rf2 Ra3 37. Kf3 f6 38. g4 hxg4+ 39. Kxg4 Rxe3
40. Rg2 Re4 41. Rf2 Rxd4 42. h5 Rxf4+ 43. Rxf4 Bxf4 44. Kxf4 gxh5 45. Kf3 Kg6
46. Kf4 e5+ 47. Kg3 Kg5 48. Kh3 Kf4 49. Kg2 d4 50. Kf2 d3 51. Ke1 Ke3 52. Kd1
d2 53. Kc2 Ke2 54. Kc3 d1=Q 55. Kc4 Qd4+ 56. Kb5 h4 57. Kc6 h3 58. Kb5 h2 59.
Kc6 h1=Q+ 60. Kb5 Qb1+ 61. Kc6 Qbb6# 0-1

[Event "4NCL Division 4 South"]
[Site "Telford, ENG"]
[Date "2018.02.11"]
[Round "6.99"]
[White "Ellis, Bryan Timothy"]
[Black "Angelopoulos, Andreas"]
[Result "0-1"]
[WhiteElo "1329"]
[BlackElo "1487"]
[PlyCount "64"]
[EventDate "2018.02.11"]

1. d4 Nf6 2. Nf3 e6 3. e3 b6 4. Bd3 Bb7 5. Nbd2 d5 6. Ne5 Nbd7 7. Bb5 Bd6 8.
Bxd7+ Nxd7 9. Nxd7 Qxd7 10. Nf3 c5 11. b3 O-O 12. Bb2 Ba6 13. h4 Rfc8 14. c3 c4
15. b4 Bb5 16. h5 Ba4 17. Qe2 a5 18. a3 axb4 19. axb4 Bb3 20. Kd2 Qb7 21. h6 g6
22. Ng5 Be7 23. Qg4 Qc7 24. f4 Qd8 25. Rhf1 Rxa1 26. Bxa1 Ra8 27. Bb2 Ra2 28.
Rb1 Qa8 29. Nxe6 fxe6 30. Qxe6+ Kf8 31. f5 Qe8 32. f6 32... Bxb4 {Time} 0-1

[Event "4NCL Division 4 South"]
[Site "Telford, ENG"]
[Date "2018.02.11"]
[Round "6.99"]
[White "Willmoth, Kate"]
[Black "Couchman, Andrew"]
[Result "1-0"]
[WhiteElo "1382"]
[BlackElo "1167"]
[PlyCount "91"]
[EventDate "2018.02.11"]

1. d4 b6 2. Nf3 Bb7 3. Bf4 Nf6 4. e3 d5 5. Be2 e6 6. Nbd2 Bd6 7. Bxd6 Qxd6 8.
O-O Nbd7 9. b3 Nf8 10. a3 N8d7 11. b4 O-O 12. c4 c6 13. c5 Qc7 14. Bd3 h6 15.
e4 b5 16. e5 Ne8 17. a4 a6 18. Ra2 Qd8 19. Qc2 Kh8 20. Nb3 f6 21. Re1 f5 22.
Na5 Rb8 23. Nxb7 Rxb7 24. axb5 axb5 25. Rea1 Nc7 26. Nd2 g5 27. Nb3 Nb8 28. Ra7
Rxa7 29. Rxa7 Nba6 30. Rb7 Nxb4 31. Qc3 Nba6 32. Na5 Qc8 33. Rb6 Nb8 34. Nxc6
Nxc6 35. Rxc6 Qb7 36. Rb6 Qa7 37. Bxb5 Nxb5 38. Rxb5 Qa4 39. Rb1 Rc8 40. h3 Rc6
41. Qb4 Qa7 42. Qb8+ Qxb8 43. Rxb8+ Kg7 44. Rb6 Rc7 45. Rxe6 h5 46. Rd6 1-0